| 000 | 00499nam a22001817a 4500 | ||
|---|---|---|---|
| 003 | MPLRDC | ||
| 005 | 20220104124407.0 | ||
| 008 | 210129b ||||| |||| 00| 0 eng d | ||
| 082 | _a539.52 ZGSS v.1 | ||
| 100 | _a中国少数民族文学学会编 | ||
| 245 |
_a中国少数民族民间故事选. 上册 _c |
||
| 250 | _a一版一刷 | ||
| 260 |
_a _b中国民间文艺出版社 _c1981 |
||
| 300 | _b平 | ||
| 490 | _a中国民间故事传说丛书 | ||
| 650 | _a | ||
| 942 |
_cBK _o539.52 ZGSS v.1 |
||
| 999 |
_c18980 _d18970 |
||